Т. 2: Космическая радиофизика и радиоастрономия; Собрание трудов

التفاصيل البيبلوغرافية
Parent link:Собрание трудов/ В. А. Котельников; Институт радиотехники и электроники ; Московский энергетический институт (Технический университет) (МЭИ (ТУ)) ; Московский физико-технический институт (Государственный университет) (МФТИ). Т. 2: Космическая радиофизика и радиоастрономия.— , 2008-
الملخص:Во второй том собрания трудов выдающегося российского ученого, академика В. А. Котельникова (1908-2005), подготовленного к 100-летию ученого, вошли его работы, которыми было положено начало новым научным направлениям в исследовании космоса — космической радиофизике и планетной радиолокации. Результаты этих исследований являются исключительно важными в изучении Солнечной системы и определили дальнейшее развитие всех космических программ. Кроме того, в Приложение к этому тому включена последняя незаконченная работа В. А. Котельникова «Модельная нерелятивистская квантовая механика», черновики которой были опубликованы в 2008 году, уже после ухода Владимира Александровича из жизни. Публикуется также мнение специалиста об этой работе. Для ученых, специалистов, студентов, а также для всех, кого интересует история развития и достижения отечественной науки в области исследования космоса и радиоастрономии.
اللغة:الروسية
منشور في: 2009
الموضوعات:
التنسيق: MixedMaterials كتاب
KOHA link:https://koha.lib.tpu.ru/cgi-bin/koha/opac-detail.pl?biblionumber=178538

MARC

LEADER 00000nam2a2200000 4500
001 178538
005 20231101223418.0
010 |a 9785922111195 
035 |a (RuTPU)RU\TPU\book\193545 
090 |a 178538 
100 |a 20100407d2009 k y0rusy50 ca 
101 0 |a rus 
102 |a RU 
105 |a a z 001zy 
200 0 |a Т. 2: Космическая радиофизика и радиоастрономия 
210 |d 2009 
215 |a 396 с.  |c ил. 
320 |a Библиогр. в конце глав. 
330 |a Во второй том собрания трудов выдающегося российского ученого, академика В. А. Котельникова (1908-2005), подготовленного к 100-летию ученого, вошли его работы, которыми было положено начало новым научным направлениям в исследовании космоса — космической радиофизике и планетной радиолокации. Результаты этих исследований являются исключительно важными в изучении Солнечной системы и определили дальнейшее развитие всех космических программ. Кроме того, в Приложение к этому тому включена последняя незаконченная работа В. А. Котельникова «Модельная нерелятивистская квантовая механика», черновики которой были опубликованы в 2008 году, уже после ухода Владимира Александровича из жизни. Публикуется также мнение специалиста об этой работе. Для ученых, специалистов, студентов, а также для всех, кого интересует история развития и достижения отечественной науки в области исследования космоса и радиоастрономии. 
461 1 |0 (RuTPU)RU\TPU\book\164070  |t Собрание трудов  |f В. А. Котельников  |g Институт радиотехники и электроники ; Московский энергетический институт (Технический университет) (МЭИ (ТУ)) ; Московский физико-технический институт (Государственный университет) (МФТИ)  |v Т. 2: Космическая радиофизика и радиоастрономия  |d 2008-  
606 1 |a Радиотехника теоретическая  |2 stltpush  |3 (RuTPU)RU\TPU\subj\23206  |9 47841 
606 1 |a Радиоастрономия  |2 stltpush  |3 (RuTPU)RU\TPU\subj\22514  |9 47263 
610 1 |a космическая радиофизика 
610 1 |a искусственные спутники 
610 1 |a орбита 
610 1 |a параметры 
610 1 |a эффект Доплера 
610 1 |a космические ракеты 
610 1 |a радиосигналы 
610 1 |a Венера 
610 1 |a радиолокационные наблюдения 
610 1 |a радиолокация 
610 1 |a радиолокационные установки 
610 1 |a Советский Союз 
610 1 |a Меркурий 
610 1 |a Марс 
610 1 |a Юпитер 
610 1 |a Земля 
610 1 |a радиолокационная астрономия 
610 1 |a внеземные цивилизации 
610 1 |a радиосвязь 
675 |a 621.37  |v 3 
675 |a 520.2  |v 3 
801 1 |a RU  |b 63413507  |c 20100407 
801 2 |a RU  |b 63413507  |c 20150217  |g RCR 
942 |c BK